Henrik Ibsen Bibliography - Statistics

General Stats
  • This quiz has been taken 76 times
    3 since last reset
  • The average score is 7 of 91
Answer Stats
Type Year Name % Correct
Play 1879 A Doll's House
100%
Play 1881 Ghosts
100%
Play 1867 Peer Gynt
100%
Play 1884 The Wild Duck
100%
Play 1866 Brand
67%
Play 1890 Hedda Gabler
67%
Play 1882 An Enemy of the People
33%
Play 1894 Little Eyolf
33%
Play 1886 Rosmersholm
33%
Poem 1871 Terje Vigen
33%
Play 1888 The Lady from the Sea
33%
Play 1892 The Master Builder
33%
Poem 1859 4de Juli 1859
0%
Poem 1859 Åbent Brev
0%
Poem 1865 Abraham Lincolns Mord
0%
Poem 1871 Agnes
0%
Poem 1871 Ballonbrev
0%
Poem 1851 Bergmanden
0%
Poem 1871 Borte!
0%
Poem 1871 Brændte Skibe
0%
Poem 1858 Byggeplaner
0%
Play 1850 Catiline
0%
Poem 1892 De sad der, de to
0%
Poem 1866 De Usynliges Kor
0%
Poetry Collection 1871 Digte
0%
Poem 1862 Digterens Vise
0%
Poem 1871 Ederfuglen
0%
Play 1873 Emperor and Galilean
0%
Poem 1863 En Broder i Nød!
0%
Poem 1871 En Fuglevise
0%
Poem 1865 En Kirke
0%
Poem 1871 En Svane
0%
Poem 1875 Et Rimbrev
0%
Poem 1871 Et Vers
0%
Poem 1871 Folkesorg
0%
Poem 1871 Forviklinger
0%
Poem 1871 Fra mit Husliv
0%
Poem 1871 Fredrik den Syvendes Minde
0%
Poem 1871 Fugl og Fuglefænger
0%
Poem 1871 Hilsen til Svenskerne
0%
Poem 1859 Højfjeldsliv
0%
Poem 1871 I en Komponists Stambog
0%
Poem 1871 I Galleriet
0%
Play 1896 John Gabriel Borkman
0%
Poem 1871 Kløften
0%
Poem 1858 Kong Hakons Gildehal
0%
Play 1854 Lady Inger of Ostrat
0%
Poem 1875 Langt Borte
0%
Play 1862 Love's Comedy
0%
Poem 1871 Lysræd
0%
Poem 1858 Markblomster og Potteplanter
0%
Poem 1871 Med en Vandlilje
0%
Poem 1871 Mindets Magt
0%
Poem 1871 Min unge Vin
0%
Play 1851 Norma or a Politician's Love
0%
Play 1856 Olaf Liljekrans
0%
Poem 1871 Ørnulfs Drapa
0%
Poem 1871 På Akershus
0%
Poem 1871 På Sangertog
0%
Poem 1859 På Vidderne
0%
Poem 1859 Priset være Kvinden!
0%
Poem 1871 Rimbrev til fru Heiberg
0%
Poem 1875 Sanger-Hilsen til Sverige
0%
Poem 1871 Skolehuset
0%
Poem 1871 Spillemænd
0%
Poem 1871 Stambogsrim
0%
Poem 1886 Stjerner i Lyståge
0%
Play 1852 St. John's Eve
0%
Poem 1871 Stormsvalen
0%
Poem 1871 Storthings-Gården
0%
Unfinished Play 1860 Svanhild
0%
Poem 1871 Tak
0%
Play 1850 The Burial Mound
0%
Play 1855 The Feast at Solhaug
0%
Play 1869 The League of Youth
0%
Play 1877 The Pillars of Society
0%
Play 1863 The Pretenders
0%
Play 1858 The Vikings at Helgeland
0%
Poem 1860 Til de Genlevende
0%
Poem 1863 Til en Bortdragende Kunstner
0%
Poem 1870 Til Frederik Hegel
0%
Poem 1871 Til min ven Revolutions-Taleren
0%
Poem 1871 Til Professor Schweigãrd
0%
Poem 1860 Til Thingmændene
0%
Poem 1871 Troens Grund
0%
Poem 1871 Uden Navn
0%
Poem 1871 Ved et Bryllup
0%
Poem 1871 Ved Port Said
0%
Poem 1872 Ved Tusendårs-Festen den 18de Juli 1872
0%
Poem 1867 Vuggevise
0%
Play 1899 When We Dead Awaken
0%
No matching quizzes found
Score Distribution
Percent of People with Each Score
Percentile by Number Answered
Your Score History
You have not taken this quiz since the last reset